[Event "BOL-ch (Women)"]
[Site "Oruro"]
[Date "2024.04.06"]
[Round "5"]
[White "Molina, Jessica"]
[Black "Coro, Soledad"]
[Result "1-0"]
[WhiteElo "1932"]
[BlackElo "1774"]
[PlyCount "163"]
[EventDate "2024.04.03"]
[EventType "tourn"]
[EventRounds "7"]
[EventCountry "BOL"]
[SourceTitle "CBM 219 Extra"]
[Source "ChessBase"]
[SourceDate "2024.05.31"]
[SourceVersion "1"]
[SourceVersionDate "2024.05.31"]
[SourceQuality "1"]

1. d4 c5 2. e3 Na6 3. Nf3 Nf6 4. c3 g6 5. Nbd2 cxd4 6. exd4 Bg7 7. Be2 0-0 8. 0-0 Nc7 9. Re1 d6 10. Nf1 Ncd5 11. Ng3 Bd7 12. Bd3 Rc8 13. a3 b5 14. Qe2 Qb6 15. Ne4 Rfe8 16. Nxf6+ exf6 17. Qf1 Rxe1 18. Nxe1 f5 19. Nc2 h6 20. Bd2 Nf6 21. f3 Kh7 22. Re1 Bf8 23. Qf2 Be6 24. Qh4 Ng8 25. Ne3 d5 26. g4 Be7 27. Qh3 fxg4 28. fxg4 Kg7 29. Qg2 Bh4 30. Rf1 Nf6 31. Qf3 Bg5 32. h3 a6 33. Bc1 Qc6 34. Ng2 Ne4 35. Nf4 Bh4 36. Ng2 Bd8 37. Bf4 f5 38. Be5+ Bf6 39. Bxf6+ Kxf6 40. Qf4 Qd6 41. Qxh6 Qg3 42. Bxe4 dxe4 43. gxf5 Bxf5 44. Qf4 Qxf4 45. Rxf4 g5 46. Rf1 Ke6 47. h4 gxh4 48. Nxh4 Bh3 49. Re1 Kd5 50. Re3 Be6 51. Ng2 Rf8 52. b3 Bg4 53. Rg3 Be2 54. Ne3+ Kc6 55. Rg6+ Kb7 56. Rg7+ Kb8 57. Kg2 Rc8 58. Nd5 Bd1 59. Rg3 Bxb3 60. Nf6 Bc2 61. Kf2 Rf8 62. Rg8 Rxg8 63. Nxg8 Kc7 64. Ke3 Kb6 65. Nf6 Bb3 66. Kxe4 Kc6 67. Ke5 Bf7 68. Ne4 a5 69. Ng5 Bc4 70. Ne4 b4 71. cxb4 axb4 72. axb4 Bb3 73. Nc3 Bc4 74. d5+ Kd7 75. Kd4 Ba6 76. Kc5 Bc8 77. b5 Kc7 78. d6+ Kd7 79. Nd5 Bb7 80. Nf6+ Kc8 81. Kb6 Bf3 82. Ka7 1-0

[Event "Cochabamba GP op 4th"]
[Site "Cochabamba"]
[Date "2023.09.09"]
[Round "5"]
[White "Apaza Chambi, Deuel Gael"]
[Black "Coro, Soledad"]
[Result "0-1"]
[WhiteElo "1171"]
[BlackElo "1660"]
[PlyCount "78"]
[EventDate "2023.09.07"]
[EventType "swiss"]
[EventRounds "7"]
[EventCountry "BOL"]
[SourceTitle "CBM 216 Extra"]
[Source "ChessBase"]
[SourceDate "2023.11.30"]
[SourceVersion "1"]
[SourceVersionDate "2023.11.30"]
[SourceQuality "1"]

1. e4 c5 2. Nf3 d6 3. Bd3 Nf6 4. 0-0 g6 5. Nc3 Bg7 6. Bc4 0-0 7. d3 a6 8. Nd5 Nxd5 9. Bxd5 e6 10. Bb3 b5 11. Be3 Bxb2 12. Rb1 Bg7 13. Qd2 a5 14. c4 a4 15. Bc2 b4 16. Bh6 Nc6 17. Bxg7 Kxg7 18. d4 Ba6 19. Bxa4 Na5 20. dxc5 dxc5 21. Qb2+ Qf6 22. Qc2 Nxc4 23. Bb3 Na3 24. e5 Qxf3 25. Qc1 Qf5 26. Ra1 Bxf1 27. Qxf1 Qxe5 28. Rc1 Rfc8 29. Qd3 c4 30. Bxc4 Nxc4 31. Rxc4 Rxc4 32. Qxc4 Rxa2 33. g3 Ra1+ 34. Kg2 Qd5+ 35. Qxd5 exd5 36. h4 b3 37. h5 b2 38. hxg6 b1Q 39. gxf7 Qh1# 0-1

[Event "BOL-ch (Women)"]
[Site "Santa Cruz"]
[Date "2023.06.09"]
[Round "4"]
[White "Monroy Garzon, Nataly Alejandra"]
[Black "Coro, Soledad"]
[Result "1-0"]
[WhiteElo "1865"]
[BlackElo "1629"]
[PlyCount "65"]
[EventDate "2023.06.07"]
[EventType "tourn"]
[EventRounds "7"]
[EventCountry "BOL"]
[SourceTitle "CBM 215 Extra"]
[Source "ChessBase"]
[SourceDate "2023.09.30"]
[SourceVersion "1"]
[SourceVersionDate "2023.09.30"]
[SourceQuality "1"]

1. d4 c5 2. d5 b5 3. c4 a6 4. e4 bxc4 5. Bxc4 d6 6. Nc3 g6 7. f4 Bg7 8. Nf3 Bg4 9. 0-0 Bd4+ 10. Kh1 Bxf3 11. Qxf3 Nd7 12. Rb1 Ngf6 13. Ne2 0-0 14. b3 Qa5 15. a3 Rfb8 16. Nxd4 cxd4 17. Bb2 Qd2 18. Rfe1 Nc5 19. Re2 Qa5 20. b4 Qa4 21. e5 Ne8 22. Bxd4 Nd7 23. Rbe1 Rc8 24. Qd3 Nc7 25. exd6 exd6 26. Bb2 a5 27. Re7 f6 28. Bb3 Qb5 29. Qxb5 Nxb5 30. Rxd7 a4 31. Bd1 Re8 32. Rde7 Rf8 33. g4 1-0

[Event "BOL-ch (Women)"]
[Site "Santa Cruz"]
[Date "2023.06.07"]
[Round "1"]
[White "Molina, Jessica"]
[Black "Coro, Soledad"]
[Result "1-0"]
[WhiteElo "1886"]
[BlackElo "1629"]
[PlyCount "133"]
[EventDate "2023.06.07"]
[EventType "tourn"]
[EventRounds "7"]
[EventCountry "BOL"]
[SourceTitle "CBM 215 Extra"]
[Source "ChessBase"]
[SourceDate "2023.09.30"]
[SourceVersion "1"]
[SourceVersionDate "2023.09.30"]
[SourceQuality "1"]

1. d4 c5 2. c3 Qc7 3. Nf3 Nf6 4. g3 d5 5. Bg2 Bg4 6. Ne5 Be6 7. 0-0 g6 8. Bf4 Qb6 9. b3 Bg7 10. dxc5 Qxc5 11. b4 Qc8 12. Nd2 0-0 13. Rc1 Bh3 14. Ndf3 Bxg2 15. Kxg2 Nc6 16. Qb3 a5 17. a4 Qe8 18. b5 Nxe5 19. Bxe5 Qd7 20. Rfd1 e6 21. c4 Rac8 22. Qb2 Qe7 23. cxd5 exd5 24. Bc3 Rfe8 25. e3 b6 26. Bd4 Qe6 27. Rc6 Rxc6 28. bxc6 Qxc6 29. Rc1 Qd6 30. Qb5 Qb4 31. Rc6 Qxb5 32. axb5 Nd7 33. Rd6 Nc5 34. Rxb6 Nb3 35. Ra6 Rb8 36. b6 Nxd4 37. exd4 a4 38. Rxa4 Rxb6 39. Ra8+ Bf8 40. Rd8 Kg7 41. Rxd5 Rd6 42. Rxd6 Bxd6 43. Nd2 f5 44. Kf3 Kf7 45. Ke3 Ke6 46. Kd3 Kd5 47. Nb1 h5 48. Nc3+ Ke6 49. Ne2 g5 50. h3 Kd5 51. Nc3+ Ke6 52. Ne2 Kd5 53. Nc3+ Ke6 54. Kc4 g4 55. hxg4 fxg4 56. Ne4 Be7 57. Kd3 Kd5 58. Nc3+ Ke6 59. Ke4 h4 60. gxh4 Bxh4 61. Ke3 Bg5+ 62. Kd3 Bf4 63. Ke4 Bb8 64. Ne2 Bd6 65. Ng3 Bc7 66. Nf5 Bd8 67. Ne3 1-0

[Event "Tarija op"]
[Site "Tarija"]
[Date "2023.04.07"]
[Round "4"]
[White "Coro, Soledad"]
[Black "Mendoza, Rodrigo"]
[Result "1/2-1/2"]
[WhiteElo "1572"]
[BlackElo "2208"]
[PlyCount "103"]
[EventDate "2023.04.06"]
[EventType "swiss"]
[EventRounds "7"]
[EventCountry "BOL"]
[SourceTitle "EXT 2024"]
[Source "ChessBase"]
[SourceDate "2023.10.10"]
[SourceVersion "1"]
[SourceVersionDate "2023.10.10"]
[SourceQuality "1"]

1. b3 e5 2. Bb2 Nc6 3. Nf3 d6 4. e3 Bg4 5. Bb5 a6 6. Be2 Nf6 7. h3 Bf5 8. d3 Be7 9. Nbd2 h6 10. e4 Bh7 11. Nc4 0-0 12. Ne3 d5 13. exd5 Nxd5 14. 0-0 Nxe3 15. fxe3 Bd6 16. e4 Qe7 17. Qe1 Rad8 18. a4 b5 19. axb5 axb5 20. Qh4 Qxh4 21. Nxh4 Ra8 22. Nf5 Bc5+ 23. Kh2 b4 24. Bf3 f6 25. Rxa8 Rxa8 26. Ra1 Rxa1 27. Bxa1 Bg6 28. g4 Bf7 29. Kg3 Kh7 30. Kg2 g6 31. Ng3 Na7 32. Nf1 Nb5 33. Nd2 Be3 34. Nc4 Bd4 35. Bxd4 Nxd4 36. Bd1 Bxc4 37. bxc4 Kg7 38. Kf2 f5 39. exf5 gxf5 40. gxf5 Kf6 41. Ke3 Nxf5+ 42. Kd2 Kg5 43. c5 h5 44. c3 bxc3+ 45. Kxc3 Kh4 46. Bf3 Nd4 47. Bd1 Kg5 48. Kc4 c6 49. Kb4 h4 50. Kc3 Kf4 51. Bg4 Ke3 52. Bd7 1/2-1/2

[Event "BOL-ch (Women)"]
[Site "Santa Cruz"]
[Date "2022.05.21"]
[Round "4"]
[White "Coro, Soledad"]
[Black "Monroy Garzon, Nataly Alejandra"]
[Result "1/2-1/2"]
[WhiteElo "1713"]
[BlackElo "1898"]
[PlyCount "34"]
[EventDate "2022.05.19"]
[EventType "tourn"]
[EventRounds "7"]
[EventCountry "BOL"]
[SourceTitle "EXT 2023"]
[Source "ChessBase"]
[SourceDate "2022.10.05"]
[SourceVersion "1"]
[SourceVersionDate "2022.10.05"]
[SourceQuality "1"]

1. c4 e5 2. Nc3 f5 3. g3 Nc6 4. Bg2 g6 5. d3 Bg7 6. Nf3 h6 7. Bd2 Nf6 8. Rb1 d6 9. Qb3 0-0 10. 0-0 Kh7 11. a3 g5 12. Qc2 Rb8 13. b4 Be6 14. Bxg5 Nd4 15. Nxd4 exd4 16. Bxf6 Bxf6 17. Nd5 Be5 1/2-1/2

[Event "Oruro op 8th"]
[Site "Oruro"]
[Date "2022.05.08"]
[Round "7"]
[White "Coro, Soledad"]
[Black "Velasquez Nava, Raquel"]
[Result "1/2-1/2"]
[WhiteElo "1713"]
[BlackElo "1458"]
[PlyCount "103"]
[EventDate "2022.05.05"]
[EventType "swiss"]
[EventRounds "7"]
[EventCountry "BOL"]
[SourceTitle "CBM 208 Extra"]
[Source "ChessBase"]
[SourceDate "2022.07.31"]
[SourceVersion "1"]
[SourceVersionDate "2022.07.31"]
[SourceQuality "1"]

1. a3 d5 2. b4 Bf5 3. Bb2 Nf6 4. d3 e6 5. Nd2 c5 6. bxc5 Bxc5 7. e3 Nc6 8. Ngf3 Rc8 9. c4 dxc4 10. Nxc4 0-0 11. Be2 Na5 12. 0-0 Nxc4 13. dxc4 Ne4 14. Qb3 Qa5 15. Qb5 Qxb5 16. cxb5 Bxe3 17. fxe3 Rc2 18. Bxg7 Kxg7 19. Nd4 Rb2 20. Bf3 Bg6 21. Rfb1 Rxb1+ 22. Rxb1 Nd2 23. Rc1 Nxf3+ 24. gxf3 e5 25. Nb3 f6 26. Nc5 Rf7 27. Kf2 Kh6 28. Nb3 Rd7 29. Rc3 b6 30. Ke2 Bh5 31. Rc6 Kg5 32. Kf2 Rd3 33. Nc1 Rxa3 34. Rc7 Bg6 35. Rc4 Ra5 36. Rg4+ Kh6 37. Rh4+ Kg7 38. Rb4 Ra1 39. Rc4 Rb1 40. Rc7+ Kh6 41. e4 Rxb5 42. Rxa7 Rc5 43. Nd3 Rc3 44. Ne1 b5 45. Rb7 Rb3 46. Ng2 Bh5 47. Ne3 b4 48. h4 Bg6 49. Ng4+ Kh5 50. Kg3 f5 51. Nf6+ Kh6 52. Ng8+ 1/2-1/2

[Event "Oruro op 8th"]
[Site "Oruro"]
[Date "2022.05.07"]
[Round "5"]
[White "Coro, Soledad"]
[Black "Ferrufino, Boris"]
[Result "0-1"]
[WhiteElo "1713"]
[BlackElo "1940"]
[PlyCount "76"]
[EventDate "2022.05.05"]
[EventType "swiss"]
[EventRounds "7"]
[EventCountry "BOL"]
[SourceTitle "CBM 208 Extra"]
[Source "ChessBase"]
[SourceDate "2022.07.31"]
[SourceVersion "1"]
[SourceVersionDate "2022.07.31"]
[SourceQuality "1"]

1. c4 e5 2. Nc3 Nc6 3. g3 f5 4. d3 Bb4 5. Bg2 Bxc3+ 6. bxc3 Nf6 7. Nf3 d6 8. Rb1 0-0 9. 0-0 Qe8 10. Qc2 f4 11. e3 Qh5 12. exf4 Rb8 13. h4 Ng4 14. Nh2 Nxh2 15. Kxh2 exf4 16. Bxf4 Ne7 17. Bg5 Nf5 18. Bd5+ Kh8 19. Qd1 Qg6 20. Qf3 Bd7 21. Qg2 h6 22. Bd2 b6 23. Rbe1 Rf6 24. Be3 Rbf8 25. Be4 Qf7 26. Bd5 Qh5 27. Bf3 Qf7 28. Bd5 Be6 29. Be4 Nxe3 30. Rxe3 Rxf2 31. Rxf2 Qxf2 32. Re2 Qf6 33. Rc2 Bg4 34. Kg1 Qe5 35. d4 Qe6 36. Bd5 Qe3+ 37. Kh1 Rf5 38. Be4 Rf3 0-1

[Event "BOL-ch (Women)"]
[Site "Sucre"]
[Date "2016.06.11"]
[Round "4"]
[White "Coro, Soledad"]
[Black "Ramirez, Maria Eugenia"]
[Result "0-1"]
[WhiteElo "1863"]
[BlackElo "2036"]
[PlyCount "56"]
[EventDate "2016.06.09"]
[EventType "tourn"]
[EventRounds "11"]
[EventCountry "BOL"]
[SourceTitle "CBM 172 Extra"]
[Source "ChessBase"]
[SourceDate "2016.06.21"]
[SourceVersion "1"]
[SourceVersionDate "2016.06.21"]
[SourceQuality "1"]

1. c4 e5 2. Nc3 Nc6 3. g3 f5 4. Bg2 Nf6 5. d3 Bb4 6. Bd2 0-0 7. a3 Bxc3 8. Bxc3 d6 9. b4 Qe8 10. e3 f4 11. gxf4 exf4 12. Qd2 fxe3 13. fxe3 Ng4 14. Bd5+ Kh8 15. Nf3 Nxe3 16. Be4 Ng4 17. 0-0-0 Nce5 18. Rdf1 Nxf3 19. Bxf3 Ne5 20. Bh5 Qe7 21. Qe3 Bf5 22. Kd2 Qh4 23. Bxe5 dxe5 24. Bf3 Rad8 25. Bxb7 Qxc4 26. Be4 Qa2+ 27. Ke1 Qb1+ 28. Kd2 Qb2+ 0-1